| 000 | 00671nam a2200241Ia 4500 | ||
|---|---|---|---|
| 005 | 20250508164419.0 | ||
| 008 | 008 250505s9999 xx 000 0 eng d | ||
| 020 | _a81-317-0402-5 | ||
| 037 | _aTextBook | ||
| 040 |
_aFEDL _beng _cFEDL |
||
| 041 |
_aeng _2eng |
||
| 084 |
_a001.422, LEV _qFEDL |
||
| 100 |
_aLevin Jack _9147458 |
||
| 245 | 0 | _aElementary Statistics in social research | |
| 250 | _a10 | ||
| 260 |
_aDelhi, India _bPearson Education _c2006 |
||
| 300 | _a528p. | ||
| 365 |
_aINR _b295 |
||
| 650 |
_aResearch method-statistics _9778063 |
||
| 700 |
_a Fox James Alan _9778064 |
||
| 942 |
_cTB _h001.422, LEV |
||
| 999 |
_c1389012 _d1389012 |
||